| 000 | 00663nam a2200241 a 4500 | ||
|---|---|---|---|
| 999 |
_c11361 _d11361 |
||
| 001 | 11361 | ||
| 003 | BD-JhCC | ||
| 005 | 20221124134023.0 | ||
| 008 | 190902s2008 ii |||| |||| 000 0 eng d | ||
| 020 | _a9788129135513 | ||
| 035 | _a(BD-JhCC)11361 | ||
| 040 |
_aBD-JhCC _dBD-JhCC |
||
| 041 | _aeng | ||
| 082 |
_a823.92 _bBHA 2008 |
||
| 100 | _aBhagat, Chetan | ||
| 245 |
_aThe 3 mistakes of my life : _ba story about Business, Cricket and Religion / _cChetan Bhagat |
||
| 260 |
_aIndia : _bRupa, _c2008. |
||
| 300 |
_axi, 257 p. : _c21 cm. |
||
| 650 | _aBusinessmen | ||
| 650 | _aCricket stories | ||
| 650 | _aIndic fiction (English) | ||
| 942 |
_2ddc _cBK _037 |
||